000 01053nam a22003257a 4500
003 CHAP
005 20220817042547.0
008 971013s1973 r 00010 d
010 _a48124
011 _a49096
035 _a53244
040 _cCHAP
082 _a080
_bS4 v.93
100 0 0 _aVázquez de Knauth, Josefina.
_9120336
245 _aHistoria de la historiografía
260 _aMéxico, D.F. :
_bSecretaría de Educación Pública,
_c1973
300 _a174 p.
490 _aSEP. Setentas
_v; 93
500 _aOriginalmente editada por Ed. Pormaca en 1965
590 _aBATCH-UPD
_b10
_c20130110
_lUCH01
_h1823
590 _aBATCH-UPD
_b10
_c20130410
_lUCH01
_h1156
590 _aBATCH-UPD
_b10
_c20130914
_lUCH01
_h1618
590 _aCONVERSION
_b10
_c20130109
_lUCH01
_h1326
650 1 4 _aHistoriografía.
_955652
830 0 _aSEP. Setentas
_v; 93
901 _aBK
942 _cLIBRO
949 _a080 S4 v.93
_bBC
_cLIBRO
_d-118190
_eLIBRO
_h29111
_i53244
_mD
_si
949 _a080 S4 v.93
_bBC
_cLIBRO
_d-118192
_eLIBRO
_fc.2
_h29524
_i53244
_mD.
_si
999 _c48124
_d48124